Dimensional stabilization of rubber wood by chemical modification (Record no. 48236)

MARC details
000 -LEADER
fixed length control field 00470nam a2200121Ia 4500
100 ## - MAIN ENTRY--AUTHOR NAME
Personal name Chauhan S S
245 #0 - TITLE STATEMENT
Title Dimensional stabilization of rubber wood by chemical modification
260 ## - PUBLICATION, DISTRIBUTION, ETC. (IMPRINT)
Name of publisher In: Proceedings of National Seminar on Processing and utilization of Plantation Timbers and Bamboo, 23-24 July 1998, IPIRTI, Bangalore, India. pp. 164-168.
Year of publication 1998
700 ## - ADDED ENTRY--PERSONAL NAME
Personal name Karmarkar A
700 ## - ADDED ENTRY--PERSONAL NAME
Personal name Pandey K K
942 ## - ADDED ENTRY ELEMENTS (KOHA)
Koha item type Bibliography RLWO
Holdings
Withdrawn status Lost status Damaged status Not for loan Home library Current library Date acquired Koha item type
      Bibliography RRII Library RRII Library 31/12/2021 Bibliography RLWO